Kraje europejskie po pierwszej i ostatniej literze - Statystyki

Ogólne statystyki
  • Ten quiz został rozwiązany 1 020 razy
  • Średni wynik to 31 z 45
Odpowiedzi na mapie
Odpowiedzi zakodowano w zielono-czerwonej skali na mapie do tego quizu, zgodnie z poniższymi procentami.
 
Statystyki odpowiedzi
kraj % Poprawnych
Polska
95%
Portugalia
95%
Serbia
91%
Słowacja
91%
Słowenia
91%
Szwajcaria
91%
Szwecja
91%
Finlandia
88%
Francja
88%
Niemcy
83%
Wielka Brytania
83%
Hiszpania
82%
Holandia
82%
Irlandia
82%
Islandia
82%
Norwegia
82%
Rosja
79%
Rumunia
79%
Węgry
77%
Włochy
77%
Belgia
76%
Bośnia i Hercegowina
76%
Bułgaria
76%
Ukraina
70%
Albania
68%
Andora
68%
Austria
68%
Litwa
66%
Łotwa
66%
Dania
61%
Białoruś
59%
Czechy
59%
Estonia
59%
Macedonia Północna
56%
Malta
56%
Mołdawia
56%
Grecja
50%
Chorwacja
43%
Czarnogóra
43%
Luksemburg
39%
San Marino
34%
Watykan
34%
Liechtenstein
32%
Monako
30%
Kosowo
27%
Nie znaleziono quizów pasujących do podanych kryteriów
Rozkład punktacji
Procent ludzi z każdym wynikiem
Percentyl według liczby udzielonych odpowiedzi
Twoja historia wyników
Nie rozwiązałeś tego quizu